000 00309nam a2200121Ia 4500
008 220204s9999 xx 000 0 und d
082 _a582.5:581.4
_bEAM
100 _aEAMES, Arthur J
245 0 _aMorphology of the angiosperms
260 _aNew York
_bMcGraw Hill
_c1961
650 _aAngiosperm
942 _cBK
999 _c20975
_d20975